00495nam a2200157Ia 450000500170000000800410001708200130005810000140007124500210008526000700010630000120017650000330018894200060022195200950022799900150032220250410052018.0240331s9999 xx 000 0 und d bPERa100 aPeriyar,T 0aUyar ennangal II aChennaibPeriyar suyamariyathai pirachara niruvan velliyiduc1993 a52 p ., aPakthium olukamum patriyathu cL 001040708LaWERCLbWERCLcSSCd2024-03-31l0o 100 PERp2177r2024-03-31w2024-03-31yL c3577d3577